000 00667nam a2200169 i 4500
001 157041
003 ES-MaACL
005 20230906210551.0
008 040806s1891 sp |||| | spa d
100 1 _aLapoulide, Juan Lorenzo (
_dm. 1906)
_9163573
245 1 3 _aEl pobre Villamuriel /
_cpor Juan Lapoulide.
260 _aMadrid :
_b[s.n.],
_c1891 (
_fImp. a cargo de Celestino Novoa)
300 _a318 p. ;
_c20 cm.
530 _aDisponible en formato digital.
852 _aES-MaACL
_jD-636
_z- Rust. muy deteriorada
_z. - Legado M. de la Fuente
856 _uhttps://bvpb.mcu.es/es/consulta/registro.do?id=577754
_zBiblioteca Virtual del Patrimonio Bibliográfico
999 _c157041
_d157041